|
|
|
|
| LEADER |
00000nam2a2200000 4500 |
| 001 |
250295 |
| 005 |
20231101232541.0 |
| 035 |
|
|
|a (RuTPU)RU\TPU\book\272480
|
| 035 |
|
|
|a RU\TPU\book\272476
|
| 090 |
|
|
|a 250295
|
| 100 |
|
|
|a 20140212d1957 m y0rusy50 ca
|
| 101 |
0 |
|
|a rus
|
| 102 |
|
|
|a RU
|
| 105 |
|
|
|a acf z 001zy
|
| 200 |
0 |
|
|a Т. 2
|
| 210 |
|
|
|d 1957
|
| 215 |
|
|
|a 254 с.
|c ил.
|
| 320 |
|
|
|a Список иллюстраций: с. 237-239
|
| 320 |
|
|
|a Библиографический справочник: с. 240-241
|
| 320 |
|
|
|a Имен. указ.: с. 242-252.
|
| 461 |
|
1 |
|0 (RuTPU)RU\TPU\book\272470
|t Дневники. Письма. Трактаты
|o [в 2-х тт.]
|f А. Дюрер
|g пер.с ранневерхнемецкого, вступительная статья и комментарии Ц. Г. Нессельштраус ; ред. перевода Н. И. Филичева
|v Т. 2
|d 1957
|s Классические памятники теории изобразительного искусства
|
| 600 |
|
1 |
|a Дюрер
|b А.
|c немецкий живописец и график
|c основоположник искусства немецкого Возрождения
|f 1471-1528
|g Альбрехт
|2 stltpush
|3 (RuTPU)RU\TPU\pers\46
|9 31
|
| 610 |
1 |
|
|a искусство
|
| 610 |
1 |
|
|a изобразительное искусство
|
| 610 |
1 |
|
|a живопись
|
| 610 |
1 |
|
|a история
|
| 610 |
1 |
|
|a 16 век
|
| 610 |
1 |
|
|a Возрождение
|
| 610 |
1 |
|
|a Германия
|
| 610 |
1 |
|
|a биографии
|
| 675 |
|
|
|a 75.07(092)
|v 3
|
| 801 |
|
1 |
|a RU
|b 63413507
|c 20140212
|
| 801 |
|
2 |
|a RU
|b 63413507
|c 20221118
|g RCR
|
| 942 |
|
|
|c BK
|